| 000 | 00758nam a22002177a 4500 | ||
|---|---|---|---|
| 003 | OSt | ||
| 005 | 20250623065324.0 | ||
| 008 | 250618b |||||||| |||| 00| 0 eng d | ||
| 020 | _a978-971-691-805-2 | ||
| 040 |
_aDWCL - Main lib _cOC |
||
| 082 | _aFil. 658.3 G258e 2008 | ||
| 100 | _aGatchalian, Ramon Elmerito | ||
| 245 |
_aEmployee discipline and dismissal: _bbasis, laws, jurisprudence, and best practices/ _cRamon Elmerito Gatchalian |
||
| 260 |
_aQuezon City, Philippines: _bCentral Book Supply, Inc. _cc2008. |
||
| 300 |
_avii, 309 pages; _c23cm. |
||
| 650 | _a1. Labor discipline -- Philippines. | ||
| 650 | _a2. Employees -- Philippines. | ||
| 700 | _aLumiqued, Richard | ||
| 700 | _aGatchalian, Erwin | ||
| 942 |
_2ddc _cBK - FIL _kFil. _n0 |
||
| 999 |
_c3142 _d3142 |
||